LIBRARY & INFORMATION CENTRE, KCAET, TAVANUR

ONLINE PUBLIC ACCESS CATALOGUE (OPAC)

Gene structure and function in higher plants / (Record no. 10288)

MARC details
000 -LEADER
fixed length control field 00513cam a2200193ua 4500
020 ## - INTERNATIONAL STANDARD BOOK NUMBER
ISBN 81-204-0097-6
041 ## - LANGUAGE CODE
Language code of text/sound track or separate title eng
082 ## - DEWEY DECIMAL CLASSIFICATION NUMBER
Classification number 581.15
Item number RED/GE
100 ## - MAIN ENTRY--AUTHOR NAME
Personal name Reddy, G M .
245 00 - TITLE STATEMENT
Title Gene structure and function in higher plants /
250 ## - EDITION STATEMENT
Edition statement 1 /
260 ## - PUBLICATION, DISTRIBUTION, ETC. (IMPRINT)
Place of publication New Delhi :
Name of publisher Oxford & IBH Publishing company ,
Year of publication 1986.
300 ## - PHYSICAL DESCRIPTION
Number of Pages 303 ; .
700 1# - ADDED ENTRY--PERSONAL NAME
Personal name Coe, E H .
942 ## - ADDED ENTRY ELEMENTS (KOHA)
Koha item type Books
Holdings
Withdrawn status Lost status Damaged status Home library Current library Date acquired Full call number Accession Number Koha item type
      KAUAET KAUAET 19/08/1986 581.15 RED/GE 15394 Books
free website counter